<?xml version="1.0" encoding="UTF-8"?>
<record
    xmlns:xsi="http://www.w3.org/2001/XMLSchema-instance"
    xsi:schemaLocation="http://www.loc.gov/MARC21/slim http://www.loc.gov/standards/marcxml/schema/MARC21slim.xsd"
    xmlns="http://www.loc.gov/MARC21/slim">

  <leader>00767nam a22001937a 4500</leader>
  <controlfield tag="005">20220506161032.0</controlfield>
  <controlfield tag="008">220506b           ||||| |||| 00| 0 eng d</controlfield>
  <datafield tag="040" ind1=" " ind2=" ">
    <subfield code="c">AL</subfield>
  </datafield>
  <datafield tag="041" ind1=" " ind2=" ">
    <subfield code="a">Tulu</subfield>
  </datafield>
  <datafield tag="082" ind1=" " ind2=" ">
    <subfield code="2">23</subfield>
    <subfield code="a">T894.1</subfield>
    <subfield code="b">ANDK</subfield>
  </datafield>
  <datafield tag="100" ind1=" " ind2=" ">
    <subfield code="a">Andala Gangadhara Shetty &#xC85;&#xC82;&#xCA1;&#xCBE;&#xCB2; &#xC97;&#xC82;&#xC97;&#xCBE;&#xCA7;&#xCB0; &#xCB6;&#xCC6;&#xC9F;&#xCCD;&#xC9F;&#xCBF; </subfield>
    <subfield code="9">34641</subfield>
  </datafield>
  <datafield tag="245" ind1=" " ind2=" ">
    <subfield code="a">Kabithe Araluna Porlu :tulu kabiteda gonchil &#xC95;&#xCAC;&#xCBF;&#xCA4;&#xCC6; &#xC85;&#xCB0;&#xCB3;&#xCC1;&#xCA8; &#xCAA;&#xCCA;&#xCB0;&#xCCD;&#xCB2;&#xCC1;: &#xCA4;&#xCC1;&#xCB3;&#xCC1; &#xC95;&#xCAC;&#xCBF;&#xCA4;&#xCC6;&#xCA6; &#xC97;&#xCCA;&#xC82;&#xC9A;&#xCBF;&#xCB2;&#xCCD; </subfield>
  </datafield>
  <datafield tag="260" ind1=" " ind2=" ">
    <subfield code="a">Mangaluru</subfield>
    <subfield code="b">Namratha prakashana &#xCA8;&#xCAE;&#xCCD;&#xCB0;&#xCA4; &#xCAA;&#xCCD;&#xCB0;&#xC95;&#xCBE;&#xCB6;&#xCA8; </subfield>
    <subfield code="c">2002</subfield>
  </datafield>
  <datafield tag="300" ind1=" " ind2=" ">
    <subfield code="a">x,44 p.</subfield>
    <subfield code="b">PB</subfield>
    <subfield code="c">21x14 cm.</subfield>
  </datafield>
  <datafield tag="365" ind1=" " ind2=" ">
    <subfield code="c">&#x20B9;</subfield>
    <subfield code="d">&#x20B9;30.00</subfield>
  </datafield>
  <datafield tag="650" ind1=" " ind2=" ">
    <subfield code="a">A collections of tulu poems</subfield>
    <subfield code="9">34642</subfield>
  </datafield>
  <datafield tag="700" ind1=" " ind2=" ">
    <subfield code="a">ANDALA GANGADHARA SHETTY</subfield>
    <subfield code="9">34643</subfield>
  </datafield>
  <datafield tag="942" ind1=" " ind2=" ">
    <subfield code="2">ddc</subfield>
    <subfield code="c">GF</subfield>
  </datafield>
  <datafield tag="999" ind1=" " ind2=" ">
    <subfield code="c">222820</subfield>
    <subfield code="d">222820</subfield>
  </datafield>
  <datafield tag="952" ind1=" " ind2=" ">
    <subfield code="0">0</subfield>
    <subfield code="1">0</subfield>
    <subfield code="2">ddc</subfield>
    <subfield code="4">0</subfield>
    <subfield code="7">0</subfield>
    <subfield code="8">OTH</subfield>
    <subfield code="a">AL</subfield>
    <subfield code="b">AL</subfield>
    <subfield code="d">2013-03-23</subfield>
    <subfield code="l">0</subfield>
    <subfield code="o">T894.1 ANDK</subfield>
    <subfield code="p">GF02962</subfield>
    <subfield code="r">2022-05-06 00:00:00</subfield>
    <subfield code="v">30.00</subfield>
    <subfield code="w">2022-05-06</subfield>
    <subfield code="y">GF</subfield>
  </datafield>
  <datafield tag="952" ind1=" " ind2=" ">
    <subfield code="0">0</subfield>
    <subfield code="1">0</subfield>
    <subfield code="2">ddc</subfield>
    <subfield code="4">0</subfield>
    <subfield code="7">0</subfield>
    <subfield code="8">OTH</subfield>
    <subfield code="a">AL</subfield>
    <subfield code="b">AL</subfield>
    <subfield code="d">2013-03-23</subfield>
    <subfield code="l">0</subfield>
    <subfield code="o">T894.1 ANDK</subfield>
    <subfield code="p">GF02963</subfield>
    <subfield code="r">2022-05-06 00:00:00</subfield>
    <subfield code="v">30.00</subfield>
    <subfield code="w">2022-05-06</subfield>
    <subfield code="y">GF</subfield>
  </datafield>
</record>
